| 000 | 00556nam a2200193 a 4500 | ||
|---|---|---|---|
| 005 | 20220622114523.0 | ||
| 008 | 111107m19902001mx r 000 0 spa d | ||
| 020 | _a9684034393 (10 dígitos) | ||
| 020 | _a9789684034396 (13 dígitos) | ||
| 035 | _aUPN01000182453 | ||
| 049 | _aI | ||
| 050 | 4 |
_aM1997 _bS2.2 |
|
| 100 | 1 | _aSalgado, Antonio | |
| 245 | 1 | 0 |
_aCanciones infantiles / _cAntonio Salgado. |
| 260 |
_aMéxico : _bSelector, _c1990 (2001 impr.). |
||
| 300 |
_a172 p. : _bil. |
||
| 650 | 4 |
_aCanciones infantiles mexicanas _95714 |
|
| 905 | _aInfantil | ||
| 999 |
_c154556 _d154556 |
||